| 000 | 00439nam a2200181Ia 4500 | ||
|---|---|---|---|
| 005 | 20240823005416.0 | ||
| 008 | 240823s9999||||xx |||||||||||||| ||und|| | ||
| 082 | _A658 N6 | ||
| 100 | _a"Bell,gail Freeman" | ||
| 245 | 0 | _aManagement In Engineering | |
| 250 | _a2nd | ||
| 260 |
_c1996 _b"PHI,New Delhi" |
||
| 500 | _aYES | ||
| 650 |
_aManagement _bManagement Studies |
||
| 700 | _a" Balkwill,James" | ||
| 942 | _cBK | ||
| 999 |
_c155629 _d155629 |
||